| 000 | 00832nam a2200277Ia 4500 | ||
|---|---|---|---|
| 003 | OSt | ||
| 005 | 20221005044249.0 | ||
| 006 | a|||||r|||| 00| 0 | ||
| 007 | ta | ||
| 008 | 221004b |||||||| |||| 00| 0 eng d | ||
| 020 |
_a8125023445 (pbk) _c145 |
||
| 024 | _a89010 | ||
| 037 |
_bDU 00358, 30/03/2007, Independent Publishers Group _cTextual |
||
| 040 |
_aCRL _cCRL _beng |
||
| 041 |
_2eng _aeng |
||
| 082 | _aV2529:7.N92, P3 | ||
| 100 |
_aMandal D _939439 |
||
| 245 | 0 |
_aAyodhya _b archaeology after demolition |
|
| 250 | _aRev. | ||
| 260 |
_aHyderabad _bOrient Longman India _c2003 |
||
| 300 |
_a74p. _ccm. |
||
| 490 | _aracts for the times | ||
| 650 | _aHISTORY | ||
| 942 |
_hV2529:7.N92, P3 _cTEXL _2cc |
||
| 999 |
_c953160 _d953160 |
||